Catálogo

Santos lugares bíblicos : (Registro nro. 26500)

Detalles MARC
000 -LEADER
fixed length control field 01085cam a2200301 i 4500
001 - CONTROL NUMBER
control field 26500
003 - CONTROL NUMBER IDENTIFIER
control field Mx-PuUPA
005 - DATE AND TIME OF LATEST TRANSACTION
control field 20250408141333.0
008 - FIXED-LENGTH DATA ELEMENTS--GENERAL INFORMATION
fixed length control field 140415s1987 is ab gr 000 0 spa d
040 ## - CATALOGING SOURCE
Original cataloging agency Mx-PuUPA
Language of cataloging spa
Transcribing agency Mx-PuUPA
Modifying agency Mx-PuUPA
Description conventions rda
041 0# - LANGUAGE CODE
Language code of text/sound track or separate title spa
100 1# - MAIN ENTRY--PERSONAL NAME
Personal name Gonen, Rivka,
Relator term autor
9 (RLIN) 16930
245 10 - TITLE STATEMENT
Title Santos lugares bíblicos :
Remainder of title guía ilustrada /
Statement of responsibility, etc. Rivka Gonén ; versión española, Bar Kojba Jálaj
264 #1 - PRODUCTION, PUBLICATION, DISTRIBUTION, MANUFACTURE, AND COPYRIGHT NOTICE
Place of production, publication, distribution, manufacture Tel-Aviv, Israel :
Name of producer, publisher, distributor, manufacturer Editorial Aurora,
Date of production, publication, distribution, manufacture, or copyright notice ©1987
300 ## - PHYSICAL DESCRIPTION
Extent 288 páginas :
Other physical details ilustraciones, mapas ;
Dimensions 27 cm
336 ## - CONTENT TYPE
Fuente rdacontent
Content type term texto
Content type code txt
337 ## - MEDIA TYPE
Source rdamedia
Media type term sin medio
Media type code n
338 ## - CARRIER TYPE
Source rdacarrier
Carrier type term volumen
Carrier type code nc
650 #7 - SUBJECT ADDED ENTRY--TOPICAL TERM
Source of heading or term armarc
Topical term or geographic name entry element Biblia
General subdivision Antigüedades
650 #7 - SUBJECT ADDED ENTRY--TOPICAL TERM
Source of heading or term armarc
Topical term or geographic name entry element Antigüedades cristianas
Form subdivision Guías
650 #7 - SUBJECT ADDED ENTRY--TOPICAL TERM
Source of heading or term armarc
Topical term or geographic name entry element Región mediterranea
Form subdivision Guías
650 #7 - SUBJECT ADDED ENTRY--TOPICAL TERM
Source of heading or term armarc
Topical term or geographic name entry element Santuarios
General subdivision Región mediterranea
Form subdivision Guías
651 #4 - SUBJECT ADDED ENTRY--GEOGRAPHIC NAME
Geographic name Tierra Santa
Form subdivision Guías turísticas
700 1# - ADDED ENTRY--PERSONAL NAME
Personal name Málaj, Bar Kojba,
Relator term traductor
942 ## - ADDED ENTRY ELEMENTS (KOHA)
Source of classification or shelving scheme Dewey Decimal Classification
Koha item type Libro
Classification part 263.042
Item part G63
Existencias
Withdrawn status Lost status Source of classification or shelving scheme Damaged status Not for loan Collection code Home library Current library Shelving location Date acquired Total Checkouts Full call number Barcode Date last seen Price effective from Koha item type
    Dewey Decimal Classification     General Centro de Estudios Guadalupanos Centro de Estudios Guadalupanos Sala general 03/12/2013   263.042 G63 1987 49227 05/01/2026 03/12/2013 Libro